| 000 | 00868cam a2200241 4500 | ||
|---|---|---|---|
| 001 | WB3609-31 | ||
| 008 | 000000n2000 000 0 eng u | ||
| 035 | _a(Sirsi) u104501 | ||
| 245 | _aHouse-buying tool | ||
| 260 | _c2000 | ||
| 490 |
_aEstates Gazette _v(0008) 26 February 2000, 46(1) |
||
| 520 | _aThe 'sellers pack' will be made mandatory in January 2003. It is intended that the pack will be valid for 12 months and will contain a condition report, title deeds and a draft sale contract. | ||
| 590 | _aWB | ||
| 650 | _aVENDORS SURVEYS | ||
| 650 | _aSELLERS PACKS | ||
| 650 | _aPROPERTY-RESIDENTIAL PROPERTY-ACQUISITION AND DISPOSAL OF RESIDENTIAL PROPERTY | ||
| 650 | _aSURVEYORS | ||
| 650 | _aBUILDING SURVEYS | ||
| 650 | _aSAVA | ||
| 650 | _aCONSUMER PROTECTION | ||
| 690 | _aMANAGEMENT-BUSINESS MANAGEMENT-PROFESSIONAL PRACTICE | ||
| 942 | _n0 | ||
| 999 |
_c62702 _d62702 |
||